|
|
|
|
| LEADER |
02872nam a2200673 a 4500 |
| 001 |
nkc20081833915 |
| 003 |
CZ PrNK |
| 005 |
20090911135151.0 |
| 007 |
ta |
| 008 |
081222s2008 xr acehe 000 0dcze |
| 015 |
|
|
|a cnb001833915
|
| 020 |
|
|
|a 978-80-254-4041-4
|q (v knize neuvedeno ;
|q brož.)
|
| 035 |
|
|
|a (OCoLC)316301910
|
| 040 |
|
|
|a ABA001
|b cze
|
| 041 |
0 |
|
|a cze
|b eng
|
| 043 |
|
|
|a e-xr---
|b e-xr-vy
|2 czenas
|
| 045 |
|
|
|a v-y0
|
| 072 |
|
7 |
|a 72
|x Architektura
|2 Konspekt
|9 21
|
| 080 |
|
|
|a 726.54:272
|2 MRF
|
| 080 |
|
|
|a 27-522/-523
|2 MRF
|
| 080 |
|
|
|a 726.5
|2 MRF
|
| 080 |
|
|
|a 7.025.3/.4
|2 MRF
|
| 080 |
|
|
|a 27-4
|2 MRF
|
| 080 |
|
|
|a (437.324)
|2 MRF
|
| 080 |
|
|
|a (036)
|2 MRF
|
| 100 |
1 |
|
|a Mikule, Stanislav,
|d 1979-
|7 mzk2007394991
|4 aut
|
| 245 |
1 |
0 |
|a Kostel sv. Jana Nepomuckého na Zelené hoře /
|c Stanislav Mikule
|
| 250 |
|
|
|a Vyd. 1.
|
| 260 |
|
|
|a Žďár nad Sázavou :
|b Město Žďár nad Sázavou,
|c 2008
|
| 300 |
|
|
|a 79 s. :
|b il. (převážně barev.), portréty, plány, faksim. ;
|c 14 x 21 cm
|
| 490 |
1 |
|
|a Edice Vysočiny
|
| 500 |
|
|
|a Název z obálky
|
| 500 |
|
|
|a Na obálce a v tiráži: České dědictví UNESCO
|
| 504 |
|
|
|a Obsahuje bibliografii a bibliografické odkazy
|
| 546 |
|
|
|a Souběžné anglické resumé
|
| 610 |
2 |
7 |
|a Kostel sv. Jana Nepomuckého (Zelená Hora, Žďár nad Sázavou, Česko)
|7 kn20030804005
|2 czenas
|
| 648 |
|
7 |
|a 18.-21. století
|7 ch757020
|2 czenas
|
| 650 |
0 |
7 |
|a katolické kostely
|7 ph114895
|z Česko
|y 18.-21. století
|2 czenas
|
| 650 |
0 |
7 |
|a poutní místa
|7 ph115843
|z Česko
|y 18.-21. století
|2 czenas
|
| 650 |
0 |
7 |
|a církevní architektura
|7 ph114282
|z Česko
|y 18.-21. století
|2 czenas
|
| 650 |
0 |
7 |
|a obnova a rekonstrukce památek
|7 ph168233
|z Česko
|y 19.-21. století
|2 czenas
|
| 650 |
0 |
7 |
|a církevní život
|7 ph119306
|z Česko
|y 18.-21. století
|2 czenas
|
| 650 |
0 |
9 |
|a Catholic churches
|z Czechia
|y 18th-21st centuries
|2 eczenas
|
| 650 |
0 |
9 |
|a pilgrimage places
|z Czechia
|y 18th-21st centuries
|2 eczenas
|
| 650 |
0 |
9 |
|a church architecture
|z Czechia
|y 18th-21st centuries
|2 eczenas
|
| 650 |
0 |
9 |
|a renewal and reconstruction of monuments
|z Czechia
|y 19th-21st centuries
|2 eczenas
|
| 650 |
0 |
9 |
|a church life
|z Czechia
|y 18th-21st centuries
|2 eczenas
|
| 651 |
|
7 |
|a Zelená hora (Žďár nad Sázavou, Česko)
|7 ge131440
|2 czenas
|
| 651 |
|
9 |
|a Zelená Hora (Žďár nad Sázavou, Czechia)
|2 eczenas
|
| 655 |
|
7 |
|a informační publikace
|7 fd132454
|2 czenas
|
| 655 |
|
9 |
|a information publications
|2 eczenas
|
| 710 |
2 |
|
|a UNESCO
|7 kn20010711459
|
| 830 |
|
0 |
|a Edice Vysočiny
|0 s
|
| 856 |
4 |
1 |
|u http://www.digitalniknihovna.cz/mzk/uuid/uuid:cd6c4f00-aaa5-11e3-b833-005056827e52
|y Digitalizovaný dokument
|x NDK
|
| 910 |
2 |
|
|a BOA001
|b 2-1215.935
|
| 990 |
|
|
|a BK
|
| 995 |
|
|
|a 01
|
| 991 |
|
|
|b 200901
|c NOV
|
| 996 |
6 |
|
|b 2610362442
|c 2-1215.935
|l MZK
|r Sklad / do 1 hodiny
|n 10
|p p.v.
|w 000924970
|u 000010
|a 1
|e BOA001
|j MZK50
|s P
|